[Event "GER-chT U10"]
[Site "Magdeburg"]
[Date "2016.12.28"]
[Round "4.4"]
[White "Isbilir, Levin"]
[Black "Hostmann, Henning"]
[Result "0-1"]
[WhiteElo "931"]
[BlackElo "1022"]
[PlyCount "44"]
[EventDate "2016.12.27"]
[EventType "team-swiss"]
[EventRounds "7"]
[EventCountry "GER"]
[SourceTitle "EXT 2018"]
[Source "ChessBase"]
[SourceDate "2017.10.13"]
[SourceVersion "1"]
[SourceVersionDate "2017.10.13"]
[SourceQuality "1"]
[WhiteTeam "Erlangen"]
[BlackTeam "Magdeburg USC"]
[WhiteTeamCountry "GER"]
[BlackTeamCountry "GER"]

1. e4 e5 2. Nf3 Nc6 3. Bc4 Bc5 4. Nc3 Nf6 5. d3 d6 6. h3 Be6 7. Bb3 Qd7 8. 0-0 h6 9. Qe2 g5 10. h4 gxh4 11. Nxh4 0-0-0 12. Ba4 Bh3 13. a3 Rhg8 14. Qf3 Bg4 15. Qxf6 Bh3 16. Qf3 Rg7 17. Bxh6 Bxg2 18. Nxg2 Rg6 19. Bd2 Rdg8 20. Nd5 Rg3 21. Qf6 Rxg2+ 22. Kh1 Qh3# 0-1

[Event "GER-chT U10"]
[Site "Magdeburg"]
[Date "2015.12.27"]
[Round "1.1"]
[White "Hoffmann, Siegfried1111"]
[Black "Hostmann, Henning"]
[Result "1-0"]
[WhiteElo "1346"]
[BlackElo "965"]
[PlyCount "64"]
[EventDate "2015.12.27"]
[EventType "team-swiss"]
[EventRounds "7"]
[EventCountry "GER"]
[SourceTitle "EXT 2017"]
[Source "ChessBase"]
[SourceDate "2016.10.25"]
[SourceVersion "1"]
[SourceVersionDate "2016.10.25"]
[SourceQuality "1"]
[WhiteTeam "Magdeburg USC"]
[BlackTeam "Magdeburg USC II"]
[WhiteTeamCountry "GER"]
[BlackTeamCountry "GER"]

1. e4 e5 2. Nf3 Nc6 3. Bc4 Bc5 4. d3 Nf6 5. Bg5 d6 6. h3 Be6 7. Bb3 h6 8. Bh4 0-0 9. c3 a6 10. g4 Re8 11. g5 hxg5 12. Bxg5 Kf8 13. Ba4 Bd7 14. Nbd2 Ne7 15. Bxf6 gxf6 16. Bxd7 Qxd7 17. Nb3 Ng6 18. Qe2 Ke7 19. 0-0-0 Nf4 20. Qf1 Qe6 21. Nh4 Kd7 22. Nf5 Rg8 23. Qe1 Nxd3+ 24. Rxd3 Rae8 25. Nxc5+ Kc8 26. Nxe6 Rxe6 27. h4 Kb8 28. h5 Ree8 29. h6 Rh8 30. h7 Rc8 31. Rg3 Rcf8 32. Qe3 Rd8 1-0